Welcome to the Holygrace Academy Library

Please use search bar below to get started

COMMON NOUN (Record no. 4981)

MARC details
000 -LEADER
fixed length control field 00281nam a22001217a 4500
020 ## - INTERNATIONAL STANDARD BOOK NUMBER
ISBN 81-8022-088-5
100 ## - MAIN ENTRY--AUTHOR NAME
Personal name PRIORITY PUBLICATIONS
245 ## - TITLE STATEMENT
Title COMMON NOUN
260 ## - PUBLICATION, DISTRIBUTION, ETC. (IMPRINT)
Place of publication INDIA
Name of publisher PRIORITY PUBLICATIONS
300 ## - PHYSICAL DESCRIPTION
Number of Pages 12
650 ## - SUBJECT ADDED ENTRY--TOPICAL TERM
Topical Term MY LITTLE BOOK OF GRAMMAR
Geographic subdivision INDIA
942 ## - ADDED ENTRY ELEMENTS (KOHA)
Koha item type Books
Holdings
Withdrawn status Lost status Collection code Home library Current library Shelving location Date acquired Source of acquisition Accession Number Koha item type
    Non-fiction Main Library Main Library SHELF 15A- T SECTIO NOVELS& FICTION & LEAFLET BOOKS 20/05/2010 purchase 05245 Books